000 03623nkc a2200409za 4500
001 84435
003 OSt
005 20260420152854.0
007 kh boc
008 250409s1904 sp ||||| |||| 00| i|spa d
040 _cM-RABA
_aM-RABA
_bspa
100 _aSantos Fernández, Santos
_d1860-1935
_9111153
245 1 1 _a[Relieves en Marfil decorativos
_b: Arqueta de San Felices y Relicario de San Millán]
_c/ Santos Fernández y Santos
_h[Material gráfico]
260 _c[ca. 1904]
300 _a13 fotografías
_b: gelatina
_c; imagen 16 x 11,5 cm
_c; soporte secundario 25 x 20 cm
500 _aConjunto de 13 fotografías donde se representan diferentes partes de los marfiles del arca de San Felices y de San Millán que se conservan en el monasterio de San Millán de la Cogolla, en La Rioja.
500 _aAl verso, sello con la inscripción: “Santos Fernández y Santos. Premiado en el Concurso Internacional de Londres en noviembre de 1904 y en el de Bilbao Zaragoza y Haro. San Millán de la Cogolla. Logroño”.
500 _aAl verso manuscrito a tinta roja en Fot-576/Fot-577. "Marfil del arca de Sn. Felices" -- en Fot-579/Fot-588. "Marfil del arca de Sn Millán"
610 2 7 _aMonasterio de San Millán de la Cogolla (Suso, España)
_925374
651 7 _aLa Rioja
_975153
655 7 _aFotografías de obras de arte
_975675
852 _jFot-576 ; Fot-577 ; Fot-578 ; Fot-579 ; Fot-580 ; Fot-581 ; Fot-582 ; Fot-583 ; Fot-584 ; Fot-585 ; Fot-586 ; Fot-587 ; Fot-588
856 _3Fot-576
_uhttps://archivoybiblioteca.realacademiabellasartessanfernando.com/cgi-bin/koha/opac-retrieve-file.pl?id=b6584a5db5ea13334f9ee6eb45e81449
856 _3Fot-577
_uhttps://archivoybiblioteca.realacademiabellasartessanfernando.com/cgi-bin/koha/opac-retrieve-file.pl?id=73f184a705f5c36600a68f88f2f939ad
856 _3Fot-578
_uhttps://archivoybiblioteca.realacademiabellasartessanfernando.com/cgi-bin/koha/opac-retrieve-file.pl?id=70332dbdae067ba0ddad4b6604637a1f
856 _3Fot-579
_uhttps://archivoybiblioteca.realacademiabellasartessanfernando.com/cgi-bin/koha/opac-retrieve-file.pl?id=b0fda358de6a3f611d99a9de8c199bdc
856 _3Fot-580
_uhttps://archivoybiblioteca.realacademiabellasartessanfernando.com/cgi-bin/koha/opac-retrieve-file.pl?id=b2b87aaac20ccd26516b24cc1a76516e
856 _3Fot-581
_uhttps://archivoybiblioteca.realacademiabellasartessanfernando.com/cgi-bin/koha/opac-retrieve-file.pl?id=80069584655f55668e420908aab10575
856 _3Fot-582
_uhttps://archivoybiblioteca.realacademiabellasartessanfernando.com/cgi-bin/koha/opac-retrieve-file.pl?id=b981c8c892e1d3f4542b0aacf622b274
856 _3Fot-583
_uhttps://archivoybiblioteca.realacademiabellasartessanfernando.com/cgi-bin/koha/opac-retrieve-file.pl?id=418fe7d229ca42748720bbd03b533ed1
856 _3Fot-584
_uhttps://archivoybiblioteca.realacademiabellasartessanfernando.com/cgi-bin/koha/opac-retrieve-file.pl?id=4d58a1d9aacf54e3847b9ad88db549d4
856 _3Fot-585
_uhttps://archivoybiblioteca.realacademiabellasartessanfernando.com/cgi-bin/koha/opac-retrieve-file.pl?id=550817b480d5d5fb04a521a8931f2e95
856 _3Fot-586
_uhttps://archivoybiblioteca.realacademiabellasartessanfernando.com/cgi-bin/koha/opac-retrieve-file.pl?id=d038416b70f5ac4c91703b0961409ac0
856 _3Fot-587
_uhttps://archivoybiblioteca.realacademiabellasartessanfernando.com/cgi-bin/koha/opac-retrieve-file.pl?id=4cc7a01129769baaeeec974ddf33d048
856 _3Fot-588
_uhttps://archivoybiblioteca.realacademiabellasartessanfernando.com/cgi-bin/koha/opac-retrieve-file.pl?id=a12c71313e22e3f74213f9ef4c54f115
942 _2ddc
_cFOTOGRAFÍA
_n0
999 _c84435
_d84435